Frequency of Letters in Names of Top 200 JetPunk Quizmakers - Statistics

General Stats
  • This quiz has been taken 37 times
  • The average score is 16 of 26
Answer Stats
% Letter % Correct
11.58 E
100%
10.23 S
100%
9.61 R
96%
8.61 A
88%
4.96 T
88%
6.58 I
85%
5.26 O
85%
4.86 L
77%
3.58 N
77%
3.23 U
77%
2.85 C
58%
3.17 G
58%
3.08 M
58%
2.80 K
54%
2.42 B
50%
1.80 W
50%
0.38 X
50%
2.51 Y
50%
2.60 Z
50%
2.24 J
46%
1.61 D
42%
1.42 H
42%
1.24 Q
42%
1.42 V
35%
0.41 F
31%
1.55 P
31%
No matching quizzes found
Score Distribution
Percent of People with Each Score
Percentile by Number Answered
Your Score History
You have not taken this quiz